000 00513nam a2200181 a 4500
001 0088
005 20140414131926.0
008 040728s19uu xx 00 eng d
020 _a0-590-12059-X
050 _aER
_bQ3 1998
100 _aKrulik, Nancy E.
245 _aQuest for camelot :
_bThe battle for camelot /
_cadapted by Nancy E. Krulik.
260 _aNew York :
_bScholastic,
_c1998.
300 _a32 p. : ill. ; cm.
650 _aAdventures
_xFiction.
650 _aChildren stories.
999 _c112031
_d112031